| 000 | 00748cab a22001935a 4500 | ||
|---|---|---|---|
| 001 | L144480 | ||
| 008 | 080722s2008 xxk f 000 0 eng d | ||
| 035 | _a(Sirsi) u144480 | ||
| 041 | 0 | _aeng | |
| 110 | 2 |
_aAsiaProperty _95571 |
|
| 245 | 0 | 0 | _aMarket postponed as global lenders slow down |
| 260 | _c2008 | ||
| 490 | 0 |
_aAsia Property _vApril 2008, 31(1) |
|
| 520 | _aExplains that securitisation in Japan was just beginning when the credit crunch hit. Reports that the region still has growth potential, but that this will be delayed until after the international markets recover. Forecasts domestic, limited-asset deals. | ||
| 590 | _aKA | ||
| 651 | 4 | _aJapan | |
| 690 | _aPROPERTY-COMMERCIAL PROPERTY-COMMERCIAL PROPERTY MARKET | ||
| 942 | _n0 | ||
| 999 |
_c80482 _d80482 |
||